Harry Potter Sibling Match Quiz Stats

 Plays Quiz Updated Jun 18, 2013

Challenge
Share
Tweet
Score 0/16 Timer 04:00
1 Play Today
% Correct
George
97.6%
Petunia
93.6%
Bellatrix
92.4%
Padma
92.2%
Regulus
90.9%
Fleur
90.3%
Marge
87.7%
Rubeus
87.7%
% Correct
Aberforth
85.5%
Colin
84.9%
Amycus
75.1%
Morfin
70.7%
Rose
66.8%
Ignotus
63.8%
Rabastan
63%
Molly
60.8%

You're not logged in!

Compare scores with friends on all Sporcle quizzes.
OR
Log In

You Might Also Like...

Show Comments

Extras

Top Quizzes Today


Score Distribution

Your Account Isn't Verified!

In order to create a playlist on Sporcle, you need to verify the email address you used during registration. Go to your Sporcle Settings to finish the process.

Report this User

Report this user for behavior that violates our Community Guidelines.

Details: